Normal view MARC view
  • CS AND IT

Entry Topical Term

Number of records used in: 1

001 - CONTROL NUMBER

  • control field: 8727

003 - CONTROL NUMBER IDENTIFIER

  • control field: JRU

005 - DATE AND TIME OF LATEST TRANSACTION

  • control field: 20251009113435.0

008 - FIXED-LENGTH DATA ELEMENTS

  • fixed length control field: 251009|| aca||aabn | a|a d

040 ## - CATALOGING SOURCE

  • Original cataloging agency: JRU
  • Transcribing agency: JRU

150 ## - HEADING--TOPICAL TERM

  • Topical term or geographic name as entry element: CS AND IT

670 ## - SOURCE DATA FOUND

  • Source citation: Work cat.: (JRU)8888: RAJ, PETHURU AND RAMAN,ANUPAMA C. 8714, THE INTERNET OF THINGS: Enabling technologies platform and use cases, 2017